|
|
|
|
| LEADER |
00000nam2a2200000 4500 |
| 001 |
353793 |
| 005 |
20250114130224.0 |
| 035 |
|
|
|a (RuTPU)RU\TPU\retro\11050
|
| 035 |
|
|
|a RU\TPU\retro\11041
|
| 090 |
|
|
|a 353793
|
| 100 |
|
|
|a 20200601d1926 k y0engy50 ba
|
| 101 |
0 |
|
|a eng
|
| 102 |
|
|
|a RU
|
| 105 |
|
|
|a b z 000zy
|
| 181 |
|
0 |
|a i
|b e
|
| 182 |
|
0 |
|a n
|
| 183 |
|
0 |
|a nb
|2 RDAcarrier
|
| 200 |
0 |
|
|a Generalized map of the oil regions
|
| 203 |
|
|
|a Текст
|b визуальный
|c непосредственный
|
| 215 |
|
|
|a 1 map
|
| 283 |
|
|
|a sheet
|2 RDAcarrier
|
| 461 |
|
1 |
|0 (RuTPU)RU\TPU\retro\11032
|9 353775
|t New Oil Districts of USSR and their future development
|f The Council of Petroleum Industry
|c Moscow
|n Published by the Council of Petroleum Industry
|d 1926
|v Generalized map of the oil regions
|
| 541 |
1 |
|
|a Обобщенная карта нефтеносных районов
|z rus
|
| 606 |
1 |
|
|a Нефтяное дело
|2 stltpush
|3 (RuTPU)RU\TPU\subj\33714
|9 55870
|
| 610 |
1 |
|
|a коллекция В. А. Обручева
|
| 610 |
1 |
|
|a нефть
|
| 610 |
1 |
|
|a нефтеносные районы
|
| 610 |
1 |
|
|a нефтеносные месторождения
|
| 610 |
1 |
|
|a геология
|
| 610 |
1 |
|
|a геологическое строение
|
| 610 |
1 |
|
|a геологические исследования
|
| 610 |
1 |
|
|a геологические карты
|
| 610 |
1 |
|
|a английский язык
|
| 675 |
|
|
|a 665.6
|v 4
|
| 801 |
|
1 |
|a RU
|b 63413507
|c 20200601
|
| 801 |
|
2 |
|a RU
|b 63413507
|c 20200601
|g RCR
|
| 942 |
|
|
|c BK
|